CD Leganés Squad 2024-2025 - Statistics

General Stats
  • This quiz has been taken 199 times
    27 since last reset
  • The average score is 22 of 29
Answer Stats
# Position Nation Player % Correct
11 FW Spain Juan Cruz
100%
6 DF Spain Sergio González
100%
5 MF Peru Renato Tapia
94%
19 FW Spain Diego García
88%
1 GK Spain Juan Soriano
88%
13 GK Serbia Marko Dmitrović
88%
9 FW Spain Miguel de la Fuente
88%
8 MF Guinea Seydouba Cissé
88%
17 MF Cameroon Yvan Neyou
88%
10 FW Spain Dani Raba
81%
15 DF Spain Enric Franquesa
81%
22 DF Serbia Matija Nastasić
81%
23 FW Morocco Munir El Haddadi
81%
12 DF France Valentin Rosier
81%
- Coach Spain Borja Jiménez
75%
3 DF Spain Jorge Sáenz
75%
18 FW Cape Verde Duk
69%
7 MF Spain Óscar Rodríguez
69%
21 MF Spain Roberto López
69%
30 FW Ivory Coast Yan Diomande
69%
2 DF Spain Adrià Altimira
63%
20 DF Spain Javi Hernández
63%
27 FW Spain Naim García
63%
18 FW Ivory Coast Sébastien Haller
63%
36 GK Spain Alvin Abajas
56%
14 MF Serbia Darko Brašanac
56%
24 MF Argentina Julián Chicco
56%
4 DF Croatia Borna Barišić
44%
4 DF Ecuador Jackson Porozo
38%
No matching quizzes found
Score Distribution
Percent of People with Each Score
Percentile by Number Answered
Your Score History
You have not taken this quiz since the last reset